000
00273nam a2200121Ia 4500
008
200615s9999||||xx |||||||||||||| ||und||
082
_a
4
_b
MIC-M
100
_a
MICROSOFT
245
0
_a
MICROSOFT WINDOWANT SERVER
260
_a
new delhi
_c
2017
300
_a
380
942
_c
BK
999
_c
30281
_d
30281